Scottish Prem Players TOTY - Statistics

General Stats
  • This quiz has been taken 7 times
  • The average score is 10 of 11
Answer Stats
Club Position Answer % Correct
Celtic CM Benjamin Nygren
100%
Hearts ST Claudio Braga
100%
Hearts CB Craig Halkett
100%
Motherwell CM Elijah Just
100%
Rangers CB Emmanuel Fernandez
100%
Hearts LB Harry Milne
100%
Hearts ST Lawrence Shankland
100%
Motherwell GK Calum Ward
86%
Motherwell CM Elliot Watt
86%
Motherwell ST Tawanda Maswanhise
71%
Motherwell RB Paul McGinn
57%
No matching quizzes found
Score Distribution
Percent of People with Each Score
Percentile by Number Answered
Your Score History
You have not taken this quiz